000 00883nac a22002657a 4500
001 BR6002702
003 BR-BrBNA
005 20240109162225.0
008 230509b bl.|||m| |||| 00| 0 por d
040 _aBR-BrBNA
_bpor
_cBiblioteca Nacional de Agricultura
072 _aA00
090 _aA00
_bBR6002702
110 1 _aDiretoria Estadual do Ministerio da Agricultura em Alagoas, Maceio (Brasil)
_93422
245 1 _aAtividades 1972 [Diretoria Estadual do Ministerio da Agricultura em Alagoas; Brasil]
260 3 _aMaceio, AL (Brasil):
_c[nd].
300 _a100 p.
490 _aRelatorio - Diretoria Estadual do Ministerio da Agricultura em Alagoas (Brazil)
500 _aPublished after 1972
650 _aAGRICULTURA
650 _aPECUARIA
650 _aDESENVOLVIMENTO AGRICOLA
650 _aPROJETO DE DESENVOLVIMENTO
650 _aALAGOAS
942 _2AGRIS
_n0
_cMS
999 _c261632
_d261632